| 000 | 00131nam a22000617a 4500 | ||
|---|---|---|---|
| 999 |
_c17209 _d17209 |
||
| 003 | ASAB | ||
| 005 | 20180116162549.0 | ||
| 008 | 141028t xxu||||| |||| 00| 0 eng d | ||
| 020 | _a978-1-4160-3611-1 | ||
| 040 | _cASAB | ||
| 082 | _a615.37 | ||
| 245 |
_aVaccines _cby Stanley Plotkin Walter Orenstein Paul Offit |
||
| 250 | _aFifth Edition | ||
| 260 |
_aUK _bElsevier Inc. _cc2008 |
||
| 300 | _avii, 1725 P, ill | ||
| 650 |
_aVaccines. _97271 |
||
| 650 |
_aAutism. _97272 |
||
| 942 |
_2ddc _cBK |
||